| 000 | 01736nam0a2200325 4500 | ||
|---|---|---|---|
| 001 | RU\NLR\BIBL_A\022578818 | ||
| 005 | 20260420050342.0 | ||
| 010 |
_a978-5-9914-1072-4 _980 |
||
| 021 |
_aRU _bКН-П-25-027456 _9КН-П-25-2723 |
||
| 035 | _a(NLR Aleph) 022578818 | ||
| 090 |
_a13676750 _c13676750 |
||
| 100 | _a20250702d2025 u y0rusy50 ca | ||
| 101 | 0 | _arus | |
| 102 | _aRU | ||
| 105 | _aa j 000zy | ||
| 181 | 0 |
_ai _baxxe |
|
| 182 | 0 | _an | |
| 200 | 1 |
_aПримеры расчетов гидравлических машин _eучебно-методическое пособие _fВ.К. Леонтьев, О.Н. Кораблева _gМинистерство науки и высшего образования РФ, Федеральное государственное бюджетное образовательное учреждение высшего образования"Ярославский государственный технический университет" |
|
| 203 |
_aТекст _bвизуальный _cнепосредственный |
||
| 210 |
_aЯрославль _cИзд-во ЯГТУ _d2025 |
||
| 215 |
_a103 с. _cил. _d20 |
||
| 320 | _aБиблиогр.: с. 102-103 (21 назв.) | ||
| 606 | 1 |
_aГидравлические машины _jУчебно-методические пособия для высших учебных заведений _xРасчет _92678358 _3RU\NLR\AUTH\6601760429 |
|
| 686 | 1 | _aЗ56-02я73-1 | |
| 700 | 1 |
_aЛеонтьев _bВ. К. _gВалерий Константинович |
|
| 701 | 1 |
_aКораблева _bО. Н. _gОльга Николаевна |
|
| 942 | _cBOOK | ||
| 980 | _aNB | ||